MDQL
is popping MORE tags! Check the
thread
!
Quizzes
Events
Quiz Creation
Community
Videos
Private Events
Remove Ads
Sign In
Join for FREE
Feedback
Dark Mode
Quiz Categories
Sports
Geography
Music
Movies
Television
Just For Fun
Miscellaneous
History
Literature
Language
Science
Gaming
Entertainment
Religion
Holiday
For Kids
Quiz Lab
Recent
Popular Today
Quiz Kudos Today
Editor Picks
Curator Picks
Quizzes by...
Day
Popularity
Type
Ratings
Length
Year
Community
Subscriptions
Recent Discussions
Orange Saloon
Badges
Playlists
Quests
Create
Leaderboards
Showdown
Live 5
Trivia Bingo
Activity
Puzzle Library
Sporcle Events
Private Events
Virtual Trivia
Globe League
Become a Host
Pub Owners
SporcleCon
Opinionation
Our Games
Videos
Blog
Mobile Apps
Partnerships
Remove Ads and Go Orange
Feedback
Science
Computer
Plants
Astronomy
Chemistry
Elements
Math
Animal
Physics
Anatomy
Biology
Geology
General Science
Science
Computer
Plants
Astronomy
Chemistry
Elements
Math
Animal
Physics
Anatomy
Biology
Geology
General Science
Random Quiz
Search Sporcle
×
Quiz Lab
Quiz Lab
Science
Moon
Type in answers that appear in a list
Type in answers that appear in a list
Classic
Best Score? Go Orange.
Moon Phases Quiz Stats
Can you name the Moon Phases Quiz?
By
MrLichtenberg
3m
9 Questions
8,291 Plays
8,291 Plays
8,291 Plays
Comments
Comments
Give Quiz Kudos
Give Quiz Kudos
-
- Ratings
hide this ad
Forced Order
Answers have to be entered in order
Answers have to be entered in order
Replay
Link that replays current quiz
Next Quiz
Link to next quiz in quiz playlist
You Got
0%
They Got
Avg Score
76%
Avg Friend Score
Upgrade to see
Score Distribution
Jump to the score distribution portion of the page
Score
0/9
Timer
03:00
0
Plays Today
#
Phase
% Correct
1
new moon
98%
5
full moon
82.9%
3
first quarter
79.2%
2
waxing crescent
77.7%
4
waxing gibbous
77%
6
waning gibbous
72.3%
9
new moon
69.3%
7
third quarter
66.1%
8
waning crescent
63.7%
Quiz Playlist
Details
Report
Send in Message
Add To Playlist
Classic:
Type in answers that appear in a list
Forced Order:
Answers have to be entered in order
Last Updated: Feb 16, 2017
Quiz Scoreboard
CHALLENGE
Sign Up to Join the Scoreboard
Show All
Scores
Hide
Comments
May contain spoilers
Recently Published
Colored Red Africa Blitz
by spor1
Geography
30s
Find the 'City' Movie
by crazypaving
Movies
60s
5x2 Blitz: Bands
by SL_Kpop136
Music
30s
More to Explore
Quiz From the Vault
Featured Blog Post
14 Easter Pick-up Lines to Find Eggs With
hide this ad
You Might Also Like...
Tags
Moon
phase
Today's Top Quizzes in Science
Browse Science
hide this ad
Today's Top Quizzes in Moon
Browse Moon
Top Contributed Quizzes in Science
1
Glycolysis
2
'C' Flowers II
3
Sorting Squares: Animals by Continent
4
Square Numbers Scrambled (1-50)
5
Amino Acid Groups
6
Get the Picture: Gas Welding Flames
7
Medical Terminology Roots
8
ϛoRͲ1nℊ Blitz: Common Stuff
9
Glycolysis - Substrates (fill in the blank)
10
Call A Doctor! Ailments 7-to-1
Explore More
Trending Topics
Disney
Marvel
Harry Potter
Anime
Crossword
Kpop
NBA
Pokémon
Country
WWE
Puzzle
Soccer
Song
NFL
The Office
hide this ad
More By:
MrLichtenberg
Quiz
Plays
Rating
Category
Featured
Created
Moon Phases Quiz
8,291
2.00
Science
Jun 8, 2011
Go to Creator's Profile
Score Distribution
Quiz Creator Spotlight
MrLichtenberg
Follow
Send a Message
Quizzes Created
-
Created Quiz Play Count
-
More By This Creator
Popular Quizzes Today
1
Find the 'City' Movie
2
5x2 Blitz: Bands
3
Colored Red Africa Blitz
4
Find the US States - No Outlines Minefield
5
The Countries of the World
6
Find the US States
7
9x9 Crossword: Cartoon Network
8
US States
More Science Quizzes
The 3rd Thing You Need to Know: Extinct Animals
Published
Trending Quizzes
Colored Red Europe Blitz I
Colored Red Africa Blitz II
Colored Red Europe Blitz III
Colored Red Europe Blitz II
Colored Red Africa Blitz III
Recently Updated
Champions League XIs: Real Madrid
pecheneg
Largest US Cities 1790-2010
pecheneg
Rides in Walt Disney World
pecheneg
Most Oscar Losses (Acting)
pecheneg
Beyoncé Albums
pecheneg
Leaping Animals
pecheneg
Reality TV Shows (A-Z)
bhenderson79
Rickey Henderson's Hall of Fame Teammates
pecheneg
Champions League XIs: Arsenal
pecheneg
Quick Pick: Celebrities in WWE's Hall of Fame
aduchscher
Trending Topics
Disney
NBA
Crossword
Harry Potter
Anime
Kpop
Marvel
Pokémon
Country
Song
Puzzle
Soccer
The Office
NFL
WWE
Your Account Isn't Verified!
In order to create a playlist on Sporcle, you need to verify the email address you used during registration. Go to your
Sporcle Settings
to finish the process.
Report this User
Report this user for behavior that violates our
Community Guidelines
.
Details:
Send Report
Go to the Sporcle.com Mobile Site →
Comments